| 000 | 00670cab a2200217 4500 | ||
|---|---|---|---|
| 001 | ABS42311 | ||
| 008 | 090401t1990 xxu||||| |||| 00| 0 eng d | ||
| 035 | _a(Sirsi) u36137 | ||
| 041 | _aeng | ||
| 100 | _aParry, M. | ||
| 245 | _aBusiness parks: improving standards | ||
| 260 | _c1990 | ||
| 350 | _a0 | ||
| 490 |
_aEstates Gazette _v(9009) 3 March 1990, 20-21(2) |
||
| 520 | _aAnalyses the growth in development of business parks reviewing the terminology, the role of a master plan, types of facilities demanded and landscaping . | ||
| 650 | _aLEISURE | ||
| 690 | _aPROPERTY-COMMERCIAL PROPERTY | ||
| 700 | _aScott, I. | ||
| 942 | _n0 | ||
| 948 | _c04/03/1997 | ||
| 999 |
_c23577 _d23577 |
||